[Event "22nd Hoogeveen Open 2018"]
[Site "Hoogeveen"]
[Date "2018.10.25"]
[Round "7"]
[White "Schippers, Maurice"]
[Black "Ingebretsen, Jens E"]
[Result "1/2-1/2"]
[WhiteElo "2272"]
[BlackElo "2160"]
[Annotator "NA"]
[PlyCount "139"]
[EventDate "2018.10.20"]
[EventType "swiss"]
[EventCountry "NED"]
[SourceTitle "playchess.com"]
[Source "ChessBase"]
[SourceQuality "1"]
[TimeControl "40/5400+30:1800+30"]

1. e4 {[%emt 0:00:00]} c5 {[%emt 0:09:05]} 2. Nf3 {[%emt 0:00:25]} a6 {[%emt 0:00:09]} 3. c3 {[%emt 0:00:49]} d5 {[%emt 0:00:06]} 4. exd5 {[%emt 0:00:45]} Qxd5 {[%emt 0:00:07]} 5. d4 {[%emt 0:01:00]} e6 {[%emt 0:00:07]} 6. Be3 {[%emt 0:01:41]} Nd7 {[%emt 0:00:33] B28: Sicilian: 2 Nf3 a6 (O'Kelly Variation)} 7. Be2 {[%emt 0:01:43]} Ngf6 {[%emt 0:00:22]} 8. O-O {[%emt 0:02:10] LiveBook: 3 Games} Bd6 {[%emt 0:02:16]} 9. c4 $146 {[%emt 0:06:50]} ({Predecessor:} 9. h3 O-O 10. a4 b6 11. c4 Qc6 12. Nc3 Bb7 13. d5 exd5 14. cxd5 {0-1 (41) Proschmann,T (2092)-Poetsch,H (2513) Dresden 2018}) 9... Qc6 {[%emt 0:00:23]} 10. h3 {[%emt 0:03:47]} O-O {[%emt 0:00:50]} 11. Nc3 {[%emt 0:00:05]} Qc7 {[%emt 0:02:54]} 12. dxc5 {[%emt 0:03:24]} Nxc5 {[%emt 0:03:15]} 13. b4 {[%emt 0:03:38]} Nce4 {[%emt 0:00:51]} 14. Nxe4 {[%emt 0:01:31]} Nxe4 {[%emt 0:00:06]} 15. Qd4 {[%emt 0:03:20]} f5 {[%emt 0:01:45]} 16. c5 {[%emt 0:04:33]} Be7 {[%emt 0:01:25]} 17. Rac1 {[%emt 0:03:07]} Bd7 {[%emt 0:06:41]} 18. Bf4 {[%emt 0:06:56]} Qd8 {[%emt 0:04:31]} 19. Bc4 {[%emt 0:05:30]} Bf6 {[%emt 0:01:53]} 20. Be5 {[%emt 0:02:20]} Qe7 {[%emt 0:02:34]} 21. Bxf6 {[%emt 0:15:28]} gxf6 {[%emt 0:01:52]} 22. Rfe1 {[%emt 0:01:55]} Kh8 {[%emt 0:03:30]} 23. Nd2 {[%emt 0:03:42]} Bc6 {[%emt 0:02:47]} (23... e5 $11 24. Qe3 Nxd2 25. Qxd2 Rad8) 24. Nxe4 {[%emt 0:00:43]} fxe4 {[%emt 0:08:29]} 25. a4 {[%emt 0:00:36]} Rad8 {[%emt 0:02:05]} 26. Qe3 {[%emt 0:01:31]} f5 {[%emt 0:03:47]} 27. b5 {[%emt 0:01:12]} axb5 {[%emt 0:00:08]} 28. axb5 {[%emt 0:00:01]} Bd5 {[%emt 0:00:11]} 29. Bf1 {[%emt 0:03:46]} Qg7 {[%emt 0:07:18]} 30. Rc2 {[%emt 0:04:31]} Rf6 {[%emt 0:01:32]} 31. c6 {[%emt 0:05:55]} bxc6 {[%emt 0:00:48]} 32. bxc6 {[%emt 0:00:01]} Rc8 {[%emt 0:06:41]} 33. Rb1 {[%emt 0:01:11]} Rf7 {[%emt 0:01:37]} (33... f4 $5 {[%cal Rf4e3]} 34. Qc5 Rff8 $14) 34. Qf4 {[%emt 0:04:07]} Rfc7 {[%emt 0:01:58]} 35. Rbc1 {[%emt 0:04:46]} h6 {[%emt 0:03:06]} ({Don't blunder} 35... Bxc6 $2 36. Qd6 $18) 36. Ba6 {[%emt 0:00:40]} Rg8 {[%emt 0:01:00]} 37. g3 {[%emt 0:00:29]} Rf8 {[%emt 0:01:32]} 38. Rc5 {[%emt 0:01:34]} Ra8 {[%emt 0:03:43]} ({Better is} 38... Rff7 $14) 39. Bc4 {[%emt 0:01:02]} Ra3 {[%emt 0:01:57]} 40. Bxd5 {[%emt 0:02:29]} Rf3 {[%emt 0:00:22]} 41. Qh4 {[%emt 0:06:55]} exd5 {[%emt 0:00:50]} 42. Kg2 {[%emt 0:04:00]} f4 {[%emt 0:14:24]} 43. g4 {[%emt 0:05:26]} d4 {[%emt 0:14:07]} (43... Qg5 $142 44. Qxg5 hxg5 45. Rxd5 Rd3 46. Rxg5 e3 47. fxe3 fxe3) 44. Rd5 {[%emt 0:04:19]} Rc3 {[%emt 0:02:16]} 45. Rxc3 {[%emt 0:07:39]} dxc3 {[%emt 0:00:15]} 46. Qd8+ {[%emt 0:02:22]} Kh7 {[%emt 0:01:13]} 47. Rd7 $11 {[%emt 0:01:08]} ({White has to play} 47. Rc5 $18) 47... Rxd7 {[%emt 0:00:25]} 48. cxd7 {[%emt 0:00:34]} f3+ {[%emt 0:02:28]} 49. Kg3 {[%emt 0:00:44]} Qe5+ {[%emt 0:01:03]} 50. Kh4 {[%emt 0:00:00]} c2 {[%emt 0:00:49]} 51. Qf8 {[%emt 0:00:50]} Qg5+ {[%emt 0:04:53]} 52. Kg3 {[%emt 0:00:01]} c1=Q {[%emt 0:02:10]} 53. Qf7+ {[%emt 0:00:09]} Qg7 {[%emt 0:01:06]} 54. Qxg7+ {[%emt 0:01:26]} Kxg7 {[%emt 0:00:02]} 55. d8=Q {[%emt 0:00:09]} Qg1+ {[%emt 0:01:41]} 56. Kf4 {[%emt 0:00:16]} Qxf2 {[%emt 0:00:24]} 57. Qe7+ {[%emt 0:00:08]} Kg8 {[%emt 0:00:25]} 58. Qe6+ {[%emt 0:00:13]} Kg7 {[%emt 0:00:31]} 59. Qe5+ {[%emt 0:00:05]} Kg8 {[%emt 0:01:03]} 60. Qxe4 {[%emt 0:01:49]} Qh2+ {[%emt 0:00:49]} 61. Kxf3 {[%emt 0:01:20]} Qxh3+ {[%emt 0:00:10]} 62. Kf4 {[%emt 0:00:35]} Qf1+ {[%emt 0:00:22]} 63. Ke5 {[%emt 0:00:34]} Kg7 {[%emt 0:00:19]} 64. Qb7+ {[%emt 0:00:45]} Qf7 {[%emt 0:00:11]} 65. Qxf7+ {[%emt 0:00:35]} Kxf7 {[%emt 0:00:01]} 66. Kf5 {[%emt 0:00:07]} Kg7 {[%emt 0:00:09]} 67. g5 {[%emt 0:00:09]} h5 {[%emt 0:00:07]} 68. g6 {[%emt 0:00:07]} h4 {[%emt 0:00:04]} 69. Kg4 {[%emt 0:00:03]} Kxg6 {[%emt 0:00:09]} 70. Kxh4 {[%emt 0:00:02]} 1/2-1/2

[Event "22nd Hoogeveen Open 2018"]
[Site "Hoogeveen"]
[Date "2018.10.25"]
[Round "7"]
[White "Elgersma, Simon"]
[Black "Vroombout, Enrico"]
[Result "0-1"]
[WhiteElo "2237"]
[BlackElo "2132"]
[Annotator "NA"]
[PlyCount "100"]
[EventDate "2018.10.20"]
[EventType "swiss"]
[EventCountry "NED"]
[SourceTitle "playchess.com"]
[Source "ChessBase"]
[SourceQuality "1"]
[TimeControl "40/5400+30:1800+30"]

1. e4 {[%emt 0:00:00]} e6 {[%emt 0:00:00]} 2. d4 {[%emt 0:00:00]} d5 {[%emt 0:00:00]} 3. Nd2 {[%emt 0:00:00]} Nf6 {[%emt 0:00:00]} 4. e5 {[%emt 0:00:00]} Nfd7 {[%emt 0:00:00]} 5. c3 {[%emt 0:00:23]} c5 {[%emt 0:00:00]} 6. Bd3 {[%emt 0:00:10]} Nc6 {[%emt 0:00:03]} 7. Ngf3 {[%emt 0:00:06]} a5 {[%emt 0:19:43]} 8. O-O {[%emt 0:09:18] C06: French Tarrasch: 3...Nf6 4 e5 Nfd7 5 Bd3 main lines} a4 {[%emt 0:00:14]} 9. Re1 {[%emt 0:10:56]} cxd4 {[%emt 0:08:10]} (9... h6 10. a3 Nb6 11. Nf1 Bd7 12. Ng3 Rc8 13. dxc5 Bxc5 14. Nh5 Kf8 15. Be3 Be7 {1-0 (63) Dominguez Perez,L (2732)-Ivanchuk,V (2710) Huaian 2016}) 10. cxd4 {[%emt 0:01:14] LiveBook: 3 Games} Bb4 $146 {[%emt 0:06:40]} ({Predecessor:} 10... Nb6 11. Nf1 Bd7 12. Bg5 Be7 13. Bxe7 Qxe7 14. Rc1 Nb4 15. Bb1 Bb5 16. a3 Bxf1 17. Rxf1 {1-0 (63) Popovic,D (2474)-Feygin,M (2486) playchess.com INT 2005}) 11. a3 {[%emt 0:06:20]} Be7 {[%emt 0:00:03]} 12. Nf1 {[%emt 0:08:33]} Nb6 {[%emt 0:00:15]} 13. Ng3 {[%emt 0:15:02]} h5 {[%emt 0:07:59]} 14. Ne2 {[%emt 0:06:28]} Na5 {[%emt 0:07:36]} 15. Be3 {[%emt 0:05:13]} Nb3 {[%emt 0:08:39]} 16. Rb1 {[%emt 0:00:39]} Bd7 {[%emt 0:07:25]} 17. Nc3 {[%emt 0:02:38]} Bc6 {[%emt 0:04:02]} 18. Qe2 {[%emt 0:06:38]} Rc8 {[%emt 0:03:04]} 19. Red1 {[%emt 0:05:02]} Bd7 {[%emt 0:16:33]} 20. Nb5 {[%emt 0:08:11]} Nc4 {[%emt 0:01:33]} 21. Bxc4 {[%emt 0:02:24]} Rxc4 {[%emt 0:00:48]} 22. Nd6+ {[%emt 0:00:19]} Bxd6 $1 {[%emt 0:00:12]} 23. exd6 {[%emt 0:00:02]} f6 {[%emt 0:01:28]} 24. Nh4 {[%emt 0:02:26]} g5 {[%emt 0:01:10]} (24... Kf7 $15) 25. Qd3 {[%emt 0:04:31]} gxh4 {[%emt 0:04:27]} 26. Qg6+ {[%emt 0:00:07]} Kf8 {[%emt 0:00:03]} 27. Bh6+ {[%emt 0:00:58]} Rxh6 {[%emt 0:00:04]} 28. Qxh6+ {[%emt 0:00:06]} Kg8 {[%emt 0:00:11]} 29. Qg6+ {[%emt 0:01:28]} Kf8 {[%emt 0:03:07]} 30. Qxh5 {[%emt 0:03:44]} Be8 {[%emt 0:00:47]} 31. Qh8+ {[%emt 0:00:54]} Kf7 {[%emt 0:00:03]} 32. Qh7+ {[%emt 0:01:19]} ({Much weaker is} 32. Qxh4 Qxd6 33. Rd3 Ke7 $15) 32... Kf8 {[%emt 0:00:04]} 33. Qh8+ {[%emt 0:00:37]} Kf7 {[%emt 0:00:03]} 34. Qh7+ {[%emt 0:00:40]} Kf8 {[%emt 0:00:09]} 35. Rd3 {[%emt 0:00:03]} Qxd6 {[%emt 0:01:11]} 36. Rf3 {[%emt 0:00:01]} f5 {[%emt 0:00:49]} 37. g4 {[%emt 0:00:15]} Nxd4 {[%emt 0:00:43]} 38. Rh3 {[%emt 0:01:25]} fxg4 {[%emt 0:00:51]} 39. Qh8+ {[%emt 0:00:47]} Ke7 {[%emt 0:00:35]} 40. Qxh4+ {[%emt 0:00:20]} Kd7 {[%emt 0:00:15]} 41. Qxg4 {[%emt 0:03:06]} Qf4 {[%emt 0:14:54]} 42. Rh7+ {[%emt 0:05:45]} Kc6 {[%emt 0:01:58]} 43. Qg7 {[%emt 0:02:46]} (43. Qxf4 $142 Ne2+ 44. Kf1 Nxf4 45. Rh8) 43... Qg5+ {[%emt 0:00:43]} 44. Qxg5 {[%emt 0:03:27]} Nf3+ {[%emt 0:00:02]} 45. Kg2 {[%emt 0:00:26]} Nxg5 {[%emt 0:00:03]} 46. Rh8 {[%emt 0:00:09]} Bg6 {[%emt 0:04:09]} 47. Re1 {[%emt 0:01:26]} Rg4+ {[%emt 0:00:14]} 48. Kh1 {[%emt 0:01:21]} Be4+ {[%emt 0:00:14]} 49. Rxe4 $19 {[%emt 0:00:07]} Nxe4 {[%emt 0:00:49]} 50. f3 {[%emt 0:01:02]} Nf2# {[%emt 0:00:04]} 0-1

[Event "22nd Hoogeveen Open 2018"]
[Site "Hoogeveen"]
[Date "2018.10.25"]
[Round "7"]
[White "Elgersma, Onno"]
[Black "Boersma, Jan"]
[Result "0-1"]
[WhiteElo "2223"]
[BlackElo "2047"]
[Annotator "NA"]
[PlyCount "80"]
[EventDate "2018.10.20"]
[EventType "swiss"]
[EventCountry "NED"]
[SourceTitle "playchess.com"]
[Source "ChessBase"]
[SourceQuality "1"]
[TimeControl "40/5400+30:1800+30"]

1. e4 {[%emt 0:00:00]} c5 {[%emt 0:00:00]} 2. Nf3 {[%emt 0:00:00]} g6 {[%emt 0:00:00]} 3. c4 {[%emt 0:00:08]} Nc6 {[%emt 0:00:00]} 4. d4 {[%emt 0:00:04]} cxd4 {[%emt 0:00:00]} 5. Nxd4 {[%emt 0:00:04]} Nf6 {[%emt 0:00:00]} 6. Nc3 {[%emt 0:00:18]} d6 {[%emt 0:00:03]} 7. Be2 {[%emt 0:00:19]} Nxd4 {[%emt 0:00:08]} 8. Qxd4 {[%emt 0:00:05]} Bg7 {[%emt 0:00:05]} 9. Be3 {[%emt 0:00:57]} O-O {[%emt 0:00:16]} 10. Qd2 {[%emt 0:00:30]} Be6 {[%emt 0:00:11]} 11. f3 {[%emt 0:04:43]} Rc8 {[%emt 0:00:26]} 12. Nd5 {[%emt 0:04:48] LiveBook: 16 Partien B36: Sizilianisch (Maroczy-Aufbau)} Bxd5 {[%emt 0:08:24]} (12... Nxd5 13. exd5 Bd7 14. O-O e6 15. Bg5 Qb6+ 16. Be3 Qd8 17. Bg5 Qb6+ 18. Be3 {½-½ (18) Palliser,R (2418)-Emms,J (2488) Hull 2018}) 13. exd5 {[%emt 0:01:51]} Nd7 {[%emt 0:00:56]} 14. O-O {[%emt 0:00:43]} a5 {[%emt 0:00:56]} 15. Rab1 {[%emt 0:05:04]} Nc5 {[%emt 0:01:18]} 16. b3 {[%emt 0:01:22]} b6 $146 {[%emt 0:05:42]} ({Vorgänger:} 16... Nd7 17. Rfc1 b6 18. Bf1 Nc5 19. Re1 e6 20. dxe6 fxe6 {0-1 (47) Guanciale,O-Sardini,P Italy 1984}) 17. Rfc1 {[%emt 0:02:28]} Qd7 {[%emt 0:07:29]} 18. Bf1 {[%emt 0:01:52]} Qf5 {[%emt 0:00:39]} 19. Re1 {[%emt 0:10:22]} Rfe8 {[%emt 0:03:58]} 20. a3 {[%emt 0:06:31]} Ra8 {[%emt 0:07:37]} 21. Kh1 {[%emt 0:03:47]} Be5 {[%emt 0:01:34]} 22. Be2 {[%emt 0:05:15]} (22. b4 $16 Nd7 23. Rb3) 22... h5 {[%emt 0:05:25]} 23. Rec1 {[%emt 0:05:31]} a4 {[%emt 0:02:35]} 24. f4 {[%emt 0:13:56]} Bg7 {[%emt 0:12:16]} ({Much worse is} 24... Nxb3 $6 25. Rxb3 axb3 26. Bd3 $11) (24... Ne4 $17 25. Qb4 {[#]} Bc3 $1 {[%mdl 512]} 26. Qxb6 Reb8) 25. Bxc5 {[%emt 0:05:03]} bxc5 {[%emt 0:01:09]} 26. Rf1 {[%emt 0:01:36]} axb3 {[%emt 0:02:41]} 27. Rxb3 {[%emt 0:00:16]} Reb8 {[%emt 0:00:09]} 28. Qd1 {[%emt 0:05:48]} Bd4 {[%emt 0:07:26]} 29. Bd3 {[%emt 0:00:49]} Qf6 {[%emt 0:02:40]} 30. f5 {[%emt 0:04:40]} (30. Rxb8+ $11 {was the only way to keep the balance.} Rxb8 31. f5) 30... Rxb3 {[%emt 0:01:09]} 31. Qxb3 {[%emt 0:00:11] [#]} g5 $1 {[%emt 0:00:05]} 32. Re1 {[%emt 0:05:41]} Kg7 {[%emt 0:04:06]} 33. a4 {[%emt 0:01:30]} g4 {[%emt 0:00:38]} 34. Qd1 {[%emt 0:02:53]} Qh4 {[%emt 0:03:52]} 35. g3 {[%emt 0:04:56]} Qg5 {[%emt 0:03:17]} 36. Re4 {[%emt 0:00:14] [#]} Rxa4 $1 {[%emt 0:01:58]} 37. Bb1 $19 {[%emt 0:03:42]} Rb4 {[%emt 0:01:46]} 38. Bc2 {[%emt 0:00:28]} Rxc4 {[%emt 0:01:00]} 39. f6+ {[%emt 0:00:28]} exf6 {[%emt 0:01:41]} 40. Kg2 {[%emt 0:00:17]} Qxd5 {[%emt 0:00:58]} 0-1

[Event "22nd Hoogeveen Open 2018"]
[Site "Hoogeveen"]
[Date "2018.10.25"]
[Round "7"]
[White "Zarkovic, Mila"]
[Black "Verhoef, Pieter"]
[Result "1/2-1/2"]
[WhiteElo "2213"]
[BlackElo "2058"]
[Annotator "NA"]
[PlyCount "69"]
[EventDate "2018.10.20"]
[EventType "swiss"]
[EventCountry "NED"]
[SourceTitle "playchess.com"]
[Source "ChessBase"]
[SourceQuality "1"]
[TimeControl "40/5400+30:1800+30"]

1. e4 {[%emt 0:00:00]} c5 {[%emt 0:00:00]} 2. Nf3 {[%emt 0:00:01]} d6 {[%emt 0:00:00]} 3. d4 {[%emt 0:00:04]} cxd4 {[%emt 0:00:00]} 4. Nxd4 {[%emt 0:00:03]} Nf6 {[%emt 0:00:00]} 5. Nc3 {[%emt 0:00:04]} a6 {[%emt 0:00:00]} 6. h3 {[%emt 0:00:28]} e6 {[%emt 0:00:05]} 7. g4 {[%emt 0:00:06]} d5 {[%emt 0:00:04] B81: Sicilian Scheveningen: Keres Attack} (7... h6 8. Bg2 g5 9. Be3 Nbd7 10. Qe2 Ne5 11. O-O-O Nfd7 12. h4 Rg8 13. hxg5 hxg5 14. Kb1 b5 15. f4 gxf4 16. Bxf4 Bb7 {½-½ (56) Karjakin,S (2773)-Mamedyarov,S (2801) Saint Louis 2018}) 8. Nde2 {[%emt 0:01:38]} Nxe4 {[%emt 0:00:07]} 9. Nxe4 {[%emt 0:00:05]} dxe4 {[%emt 0:00:07]} 10. Qxd8+ {[%emt 0:00:08]} Kxd8 {[%emt 0:00:05]} 11. Bg2 {[%emt 0:02:49]} f5 $146 {[%emt 0:04:43]} ({Predecessor:} 11... Bd7 12. Bxe4 Bc6 13. Ng3 Be7 14. Be3 Bxe4 15. Nxe4 {½-½ (55) Pablos Tenrero,R (1965)-Martos de la Vega,A (1956) Mostoles 2014}) 12. gxf5 {[%emt 0:01:24]} exf5 {[%emt 0:00:09]} 13. Be3 {[%emt 0:00:51]} Nc6 {[%emt 0:00:40]} 14. O-O-O+ {[%emt 0:03:44]} Ke8 {[%emt 0:00:17]} 15. f3 {[%emt 0:13:46]} g5 {[%emt 0:00:54]} 16. fxe4 {[%emt 0:02:19]} f4 {[%emt 0:00:28]} 17. Bb6 {[%emt 0:00:42]} Bg7 {[%emt 0:03:41]} 18. Bf3 {[%emt 0:09:34]} h5 $1 {[%emt 0:07:32]} 19. Rhg1 {[%emt 0:00:52]} Bf6 {[%emt 0:00:43]} 20. Nc3 {[%emt 0:20:53]} Bxh3 {[%emt 0:29:16]} 21. Nd5 {[%emt 0:02:29]} Kf7 {[%emt 0:02:08]} 22. Nxf6 {[%emt 0:20:23]} Kxf6 {[%emt 0:00:08]} 23. Rd6+ {[%emt 0:04:57]} Be6 {[%emt 0:00:08]} 24. e5+ {[%emt 0:00:38]} Kf5 {[%emt 0:02:47]} 25. Re1 {[%emt 0:01:15]} Rae8 {[%emt 0:05:30] [#]} (25... Rhe8 $11 26. Be4+ (26. Bxh5 g4 $17) 26... Kxe5) 26. Be4+ $1 {[%emt 0:00:25]} Kxe5 {[%emt 0:00:08]} 27. Bc7 {[%emt 0:03:26]} Kf6 {[%emt 0:06:29]} 28. Bd5 $16 {[%emt 0:00:04]} Ne5 {[%emt 0:00:52]} 29. Bd8+ {[%emt 0:10:05]} Kf5 {[%emt 0:10:31]} 30. Be4+ {[%emt 0:00:04]} Kg4 {[%emt 0:00:06]} 31. Rg1+ {[%emt 0:00:10]} Kh3 {[%emt 0:00:08]} 32. Rh1+ {[%emt 0:01:26]} Kg4 {[%emt 0:01:17]} 33. Rg1+ {[%emt 0:00:00]} Kh3 {[%emt 0:00:10]} 34. Rh1+ {[%emt 0:00:02]} Kg4 {[%emt 0:01:03]} 35. Rg1+ {[%emt 0:00:00]} 1/2-1/2

[Event "22nd Hoogeveen Open 2018"]
[Site "Hoogeveen"]
[Date "2018.10.25"]
[Round "7"]
[White "Li, Henry"]
[Black "Karthikeyan, P.."]
[Result "1/2-1/2"]
[WhiteElo "2207"]
[BlackElo "2443"]
[Annotator "TA"]
[PlyCount "74"]
[EventDate "2018.10.20"]
[EventType "swiss"]
[EventCountry "NED"]
[SourceTitle "playchess.com"]
[Source "ChessBase"]
[SourceQuality "1"]

{[%evp 21,74,45,57,20,20,20,12,14,39,58,52,-22,20,35,11,-7,0,0,63,74,25,0,0,-49,-13,-39,-45,-41,-52,-50,-56,-85,-71,-97,-22,-30,-2,-13,0,0,0,-2,0,-26,0,-15,0,0,0,0,0,0,0,0,0]} 1. e4 g6 2. d4 Bg7 3. Nc3 d6 4. f4 Nf6 5. Nf3 O-O 6. e5 dxe5 7. fxe5 Nd5 8. Bc4 Nxc3 9. bxc3 c5 10. O-O {B09: Pirc Defence: Austrian Attack} Nc6 (10... Bg4 11. Qd3 Nc6 12. Ng5 e6 13. Qg3 Bf5 14. Rxf5 exf5 15. e6 Bxd4+ 16. Kf1 Be5 17. Bf4 Qd6 {½-½ (26) Heimann,A (2590)-Onischuk,V (2627) Dresden 2018}) 11. Ng5 e6 {[%cal Rc5d4] LiveBook: 3 Games} 12. Ne4 {White is slightly better.} cxd4 13. Bg5 Qc7 $146 ({Predecessor:} 13... Qa5 14. cxd4 Nxe5 15. dxe5 Qxe5 16. Nf6+ Kh8 17. Qg4 h6 18. Bh4 g5 19. Bg3 Qc3 20. Qe4 Bxf6 {½-½ (20) Beliaev,V (2110)-Vafin,N (2114) Kazan 2007}) 14. cxd4 {With the idea Be2.} Nxe5 15. dxe5 {[#] Black must now prevent Qd3.} Qxc4 16. Qg4 (16. Nf6+ $14 Kh8 17. Rf4 Qc5+ 18. Qd4 Qxd4+ 19. Rxd4) 16... Qd4+ 17. Kh1 Qxe5 (17... Bxe5 $2 18. Bf6 $18) 18. Bf6 $132 {[%mdl 2048] White is not keeping still} Qh5 19. Qg3 b6 (19... Qa5 $1 $11) 20. Bxg7 $14 Kxg7 21. Nf6 Qc5 22. Rae1 Ba6 (22... Qxc2 23. Qe5 $18) 23. Nd7 (23. c4 $5) 23... Qe7 (23... Qxc2 24. Qe5+ f6 25. Nxf6 $18) 24. Qc3+ $1 f6 $1 ({Reject} 24... e5 $6 25. Rxe5 Qxd7 26. Re7+ Kg8 27. Rxd7 $14) 25. Nxf8 Rxf8 26. Rf2 e5 27. Rd2 Rf7 (27... Rc8 $17 28. Qf3 Rc7) 28. Red1 $11 Qe6 29. a4 Bb7 30. a5 bxa5 31. Qxa5 Qg4 32. Qd8 h5 {[#] Hoping for ...h4.} 33. Qd3 {The position is equal.} h4 {aiming for ...h3.} 34. h3 Qg5 35. Qe2 Qg3 36. Kg1 Bc6 37. Qf2 f5 {Precision: White = 61%, Black = 39%.} 1/2-1/2

[Event "22nd Hoogeveen Open 2018"]
[Site "Hoogeveen"]
[Date "2018.10.25"]
[Round "7"]
[White "Damen, Jip"]
[Black "Van de Pavoordt, Max"]
[Result "1-0"]
[WhiteElo "2192"]
[BlackElo "2034"]
[Annotator "NA"]
[PlyCount "63"]
[EventDate "2018.10.20"]
[EventType "swiss"]
[EventCountry "NED"]
[SourceTitle "playchess.com"]
[Source "ChessBase"]
[SourceQuality "1"]
[TimeControl "40/5400+30:1800+30"]

1. Nf3 {[%emt 0:00:00]} d5 {[%emt 0:00:00]} 2. c4 {[%emt 0:00:03]} c6 {[%emt 0:00:02]} 3. e3 {[%emt 0:00:11]} Nf6 {[%emt 0:00:26]} 4. Nc3 {[%emt 0:00:09]} e6 {[%emt 0:02:53]} 5. Qc2 {[%emt 0:01:37]} Nbd7 {[%emt 0:01:40]} 6. Be2 {[%emt 0:00:55] A11: English Opening: 1...c6} (6. b3 Bd6 7. Bb2 O-O 8. Be2 Qe7 (8... Re8 9. h3 dxc4 10. bxc4 e5 11. d3 Nc5 12. Rd1 Qe7 13. O-O h6 14. Rfe1 Bf5 15. Qc1 e4 16. dxe4 Nfxe4 17. Nxe4 Nxe4 {0-1 (60) Korotylev,A (2600)-Dreev,A (2607) Moscow 2007}) 9. O-O b6 10. cxd5 cxd5 11. Nb5 Ba6 12. Qd1 Bxb5 13. Bxb5 a6 14. Be2 Ba3 15. Qc1 Bxb2 16. Qxb2 {½-½ (33) Ivanchuk,V (2728)-Duda,J (2707) Tbilisi 2017}) 6... Bd6 {[%emt 0:01:48]} 7. Rg1 $146 {[%emt 0:06:13]} Ne5 {[%emt 0:06:02]} 8. Nxe5 {[%emt 0:01:20]} Bxe5 {[%emt 0:01:08]} 9. f4 {[%emt 0:01:59]} Bc7 {[%emt 0:02:12]} 10. d4 {[%emt 0:03:05]} Ba5 {[%emt 0:07:02]} 11. Bd2 {[%emt 0:02:44]} Bxc3 {[%emt 0:04:45]} 12. Bxc3 {[%emt 0:00:25]} Ne4 {[%emt 0:00:53]} 13. O-O-O {[%emt 0:01:32]} Qh4 {[%emt 0:06:50]} 14. Bf3 {[%emt 0:21:22]} Nd6 {[%emt 0:11:41]} (14... Nxc3 $11 {remains equal.} 15. bxc3 O-O) 15. c5 {[%emt 0:02:44]} Nc4 {[%emt 0:04:48]} 16. g3 {[%emt 0:06:07]} Qd8 {[%emt 0:00:50]} 17. Rde1 {[%emt 0:04:41]} a5 {[%emt 0:06:32]} 18. e4 {[%emt 0:04:23]} a4 {[%emt 0:01:19]} 19. Be2 {[%emt 0:08:40]} b5 {[%emt 0:03:45]} 20. cxb6 {[%emt 0:03:51]} (20. Bd3 $142) 20... Qxb6 {[%emt 0:03:36]} 21. Bxc4 {[%emt 0:01:05]} dxc4 {[%emt 0:00:06]} 22. d5 {[%emt 0:00:27]} O-O {[%emt 0:01:54]} 23. d6 {[%emt 0:00:21]} (23. dxe6 $14 Bxe6 24. f5) 23... c5 {[%emt 0:01:35]} 24. e5 {[%emt 0:02:24]} a3 {[%emt 0:00:37]} 25. Re2 {[%emt 0:02:09]} (25. b3 $15) 25... Bd7 {[%emt 0:03:12]} 26. g4 {[%emt 0:02:27]} Rfb8 {[%emt 0:03:27]} 27. Qe4 {[%emt 0:03:14]} Bc6 {[%emt 0:01:10]} 28. Qe3 $17 {[%emt 0:00:31]} axb2+ {[%emt 0:00:56]} 29. Rxb2 {[%emt 0:00:09]} Qa7 {[%emt 0:00:26]} 30. Rd1 {[%emt 0:07:53]} Rb6 {[%emt 0:03:25]} 31. Rb4 Rxb4 {[%emt 0:00:30]} 32. Bb2 {[%emt 0:00:37]} 1-0

[Event "22nd Hoogeveen Open 2018"]
[Site "Hoogeveen"]
[Date "2018.10.25"]
[Round "7"]
[White "Giacomini, Hector"]
[Black "Van Kooten, Luuk"]
[Result "1/2-1/2"]
[WhiteElo "2178"]
[BlackElo "2320"]
[Annotator "TA"]
[PlyCount "32"]
[EventDate "2018.10.20"]
[EventType "swiss"]
[EventCountry "NED"]
[SourceTitle "playchess.com"]
[Source "ChessBase"]
[SourceQuality "1"]

{[%evp 16,17,47,39]} 1. d4 g6 2. e4 Bg7 3. Nf3 d6 4. Bd3 Nf6 5. O-O O-O 6. h3 Nc6 7. c3 e5 8. Re1 h6 9. Nbd2 {LiveBook: 20 Games. B07: Pirc Defence: Miscellaneous Systems} {Predecessor:} Nh5 $146 10. dxe5 Nxe5 11. Nxe5 Bxe5 12. Nf3 Bg7 13. Be3 b6 14. Qd2 Kh7 15. Rad1 Bb7 16. Qc2 Qe7 {1-0 (38) Amonatov,F (2636)-Petrosian,T (2601) Riadh 2017} 1/2-1/2